00626nam a2200181Ia 4500008004100000082001600041100001300057245004300070250000800113260003800121300001200159500002400171650001500195942000700210952010500217952010500322999001700427230524s9999 xx 000 0 und d a621.38bBOL aW.Bolton 0aIndustrial Control and Instrumentation a1ST aNEW DELHIbUniversity Pressc2004 aVII;194 aQuantity Number: 2 aElectrical cBK 00104070aTATCLbTATCLcGENd2023-05-24l0o621.38 BOLp8823r2023-05-24w2023-05-24yBKzPCEC4303 00104070aTATCLbTATCLcGENd2023-05-24l0o621.38 BOLp8824r2023-05-24w2023-05-24yBKzPCEC4303 c31675d31675